000 01438nam a22003857a 4500
003 CHAP
005 20220329140800.0
008 971013s1982 r 00010 d
010 _a57528
011 _a58500
035 _a62655
040 _cCHAP
082 _a582
_bS6Y
100 0 0 _aSporne, K. R.
_9109262
245 _aMorfología de gimnospermas
_b: estructura y evolución de las plantas con semilla primitivas
260 _aChapingo, Méx. :
_bUACH. Departamento de Bosques,
_c1982
300 _a140 p.
_b: ilus.
490 _aBoletín técnico
_v; 5
590 _aBATCH-UPD
_b10
_c20130110
_lUCH01
_h0522
590 _aBATCH-UPD
_b10
_c20130110
_lUCH01
_h2203
590 _aBATCH-UPD
_b10
_c20130410
_lUCH01
_h0202
590 _aBATCH-UPD
_b10
_c20130914
_lUCH01
_h0654
590 _aCONVERSION
_b10
_c20130109
_lUCH01
_h1331
650 1 4 _aGimnospermas.
_948066
650 1 4 _aMorfología vegetal.
_978772
700 0 _aZavala Chávez, Fernando.
_9123771
830 0 _aBoletín técnico
_v; 5
_913560
901 _aBK
942 _cLIBRO
949 _a582 S6Y
_bBC
_cLIBRO
_d33724000448221
_eLIBRO
_fc.4
_h59509
_i62655
_si
949 _a582 S6Y
_bBC
_cLIBRO
_d33724000448239
_eLIBRO
_fc.2
_h59507
_i62655
_mD
_si
949 _a582 S6Y
_bBC
_cLIBRO
_d33724000642963
_eLIBRO
_h59506
_i62655
_mD
_si
949 _a582 S6Y
_bBC
_cLIBRO
_d33724000890224
_eLIBRO
_fc.3
_h59508
_i62655
_mD
_si
949 _a582 S6Y
_bBC
_cUACH
_d-134232
_eUACH
_fc.5
_h59510
_i62655
_mD
_si
999 _c57528
_d57528